Industrial Relations (Record no. 4682)

MARC details
000 -LEADER
fixed length control field 00330nam a2200145Ia 4500
008 - FIXED-LENGTH DATA ELEMENTS--GENERAL INFORMATION
fixed length control field 191201s2000 xx 000 0 und d
082 ## - DEWEY DECIMAL CLASSIFICATION NUMBER
Classification number 331.1
Item number VEI
100 ## - MAIN ENTRY--PERSONAL NAME
Personal name VENKATARATNAM,C.S
245 #0 - TITLE STATEMENT
Title Industrial Relations
250 ## - EDITION STATEMENT
Edition statement IMP 14
260 ## - PUBLICATION, DISTRIBUTION, ETC. (IMPRINT)
Place of publication, distribution, etc N. Delhi
Name of publisher, distributor, etc Oxford
Date of publication, distribution, etc 2000
300 ## - PHYSICAL DESCRIPTION
Extent 747
650 ## - SUBJECT ADDED ENTRY--TOPICAL TERM
Topical term or geographic name as entry element MBA
942 ## - ADDED ENTRY ELEMENTS (KOHA)
Source of classification or shelving scheme Dewey Decimal Classification
Koha item type Text Books
Holdings
Withdrawn status Lost status Source of classification or shelving scheme Damaged status Not for loan Collection code Home library Current library Date acquired Source of acquisition Bill Number Total Checkouts Full call number Acc. no. / Barcode Checked out Date last seen Date last borrowed Bill Date Koha item type Public note Cost, normal purchase price
    Dewey Decimal Classification     BBA PIET C-LIBRARY PIET C-LIBRARY 24/02/2014 Donated by Parul Gupta MBA Donated by Parul Gupta MBA 1 331.01 RAI 22995 21/07/2022 22/01/2022 22/01/2022 21/02/2014 Text Books Donated by Parul Gupta MBA  
    Dewey Decimal Classification     MBA PIET C-LIBRARY PIET C-LIBRARY 29/09/2010 The book company IN-4346 1 331.01 RAI 16525   26/10/2020 30/09/2020 27/09/2010 Text Books   395.00
    Dewey Decimal Classification     MBA PIET C-LIBRARY PIET C-LIBRARY 05/10/2010 The book company 4499   331.01 RAI 16684   04/12/2019   04/10/2010 Text Books   395.00
    Dewey Decimal Classification     MBA PIET C-LIBRARY PIET C-LIBRARY 05/10/2010 The book company 4499 1 331.1 VEI 16685 18/08/2025 29/01/2025 29/01/2025 04/10/2010 Text Books   395.00

Design & Developed by: PIET Central Library
R70 Miles Stone Pattikalyana Samalkha Panipat 132102
mail ID :- [email protected], Phone No:- 0180-2569700 Ex.216